| 000 | 00464nam a2200145 a 4500 | ||
|---|---|---|---|
| 001 | 000015230 | ||
| 005 | 20200929164005.0 | ||
| 008 | 100203s1951 ec 001 0 spa d | ||
| 040 |
_aDO-SdBNP _bspa _cBNPHU |
||
| 082 |
_axxxx _bG575G |
||
| 245 | 0 | 3 |
_aEl gobierno del Sr. Galo Plaza : _bpresidente constitucional del Ecuador para el periodo constitucional 1948-1952 /. |
| 260 |
_aQuito : _bGráficos Nacionales, _c1951. |
||
| 300 |
_a607 p. ; _c21 cm. |
||
| 049 | _aBNPD | ||
| 999 |
_c14799 _d14799 |
||